Métodos para dosificar concretos de elevado desempeño (Registro nro. 23079)

Detalles MARC
000 -Cabecera
Campo de control interno 00483nam a2200181Ia 4500
005 - Fecha y hora del registro
control field 20260414150913.0
008 - Elementos de Longitud Fija
fixed length control field 260414t2007||||xx |||||||||||||| ||spa||
041 ## - Idioma
Codigo Idioma ESP
082 ## - DEWEY y NOTACIÓN INTERNA
Dewey 624.1834
Notación Interna I59A
110 ## - AUTOR INSTTITUCIONAL
Autor Institucional Instituto Mexicano del Cemento y del Concreto
245 #0 - TÍTULO DE MATERIAL BIBLIOGRÁFICO
Título Métodos para dosificar concretos de elevado desempeño
Título paralelo
260 ## - CIUDAD, EDITORIAL, AÑO
Año 2007
300 ## - DESCRIPCIÓN
N° Páginas xvii, 210 páginas :
Dimensiones 28 cm.
650 ## - TEMAS
Temas
654 ## - PROGRAMAS
Programa Dpto. de Ingeniería Civil
942 ## - ELEMENTOS DE KOHA
Tipo de documento Libro
Nombre del creador Justo Noguera
Código de catalogador Justo Noguera
Esquema de clasificación Dewey Decimal Classification
Suppress in OPAC
Existencias
Codigo completo Registro Colección Copia número Disponibilidad Tipo de préstamo Biblioteca Actual Procedencia (Biblioteca) Ubicacón Fecha Ingreso Tipo de Adquisición Date last seen Total checkouts Price effective from Tipo de Item Estado del Material Damaged status Withdrawn status
624.1834 I59A 1026061 Universidad Católica San Pablo 1 Disponible Disponible Víctor Andrés Belaunde Víctor Andrés Belaunde Segundo piso 14/04/2026 Compra 14/04/2026   14/04/2026 Libro Bueno